היצוא הצליח — 

 Proceedings of the Dirac Centennial Symposium : Florida State University, Tallahassee, USA 6 - 7 December 2002

שמור ב:
מידע ביבליוגרפי
פורמט: Sách
שפה:Undetermined
יצא לאור:  World Scientific  2003
נושאים:
תגים: הוספת תג
אין תגיות, היה/י הראשונ/ה לתייג את הרשומה!
Thư viện lưu trữ: Trung tâm Thư viện - Trường Đại học Công nghiệp TP. Hồ Chí Minh
LEADER 00494nam a2200133Ia 4500
001 UIH_07745
008 231011s9999 xx 000 0 und d
082 |a  539 
245 0 |a  Proceedings of the Dirac Centennial Symposium : Florida State University, Tallahassee, USA 6 - 7 December 2002 
260 |b  World Scientific 
260 |c  2003 
650 |a  Vật lý hiện đại;  
927 |a Sách 
980 |a Trung tâm Thư viện - Trường Đại học Công nghiệp TP. Hồ Chí Minh